| 000 | 01049nam a2200289 a 4500 | ||
|---|---|---|---|
| 001 | 000030209 | ||
| 003 | DO-SdBNP | ||
| 005 | 20250901132742.0 | ||
| 007 | ta | ||
| 008 | 110504s2007 dr ac 000 0 spa d | ||
| 020 | _a9789945859652 | ||
| 040 |
_aDO-SdBNP _bspa _cBNPHU _erda |
||
| 082 | 4 |
_a306.097293 _bC397i 2006 _222 |
|
| 110 | 2 |
_aCentro Cultural Eduardo León Jimenes _956909 |
|
| 245 | 1 | 0 |
_aAnuario 2006 : _bintercambio y colaboración cultural. |
| 260 |
_aSantiago de los Caballeros, República Dominicana : _bCentro León, _c2007. |
||
| 300 |
_a107 páginas : _bilustraciones, fotografías, retratos ; _c24 cm. |
||
| 336 |
_atexto _btxt _2rdacontent |
||
| 337 |
_asin mediación _bn _2rdamedia |
||
| 338 |
_asin mediación _bn _2rdamedia |
||
| 590 | _aInventariado, 2023 / DG | ||
| 650 | 7 |
_aArte _zRepública Dominicana _981690 _2LEMB |
|
| 650 | 7 |
_aCultura _zRepública Dominicana _91983 _2LEMB |
|
| 650 | 7 |
_aCentros culturales _zRepública Dominicana _2LEMB _981691 |
|
| 910 | _aDG/Validado. Control de calidad MFF | ||
| 942 |
_2ddc _cLBS1 |
||
| 999 |
_c29701 _d29701 |
||